000 00663nam a22001817a 4500
003 UA-OsUOA
001 10969
007 ta
008 20050126b un ||||| |||| 00| 0 ukr d
100 _aДітькова С.
942 _cSA
040 _aUA-OsUOA
_cUA-OsUOA
_dUA-OsUOA
245 _aБіблійні алюзії в трагедії Вільяма Шекспіра "Гамлет"
300 _aС.2-11
955 _a0
773 0 _w0
_tВсесвітня література та культура в навчальних закладах України
_dКиїв
_d2005
_g№1
650 7 _aАнглійське літературознавство
_2UDC
999 _c297130
_d297130